000 00593nam a2200181Ia 4500
008 090123s9999 xx 000 0 und d
082 _b41886
100 _aहरकारे अरुण
245 _aकल्पनेचा खेळ
250 _a1
260 _bनंदादीप बुक सर्व्हिसेस सोलापुर
_c2007
300 _a232
600 _aहरकारे अरुण
630 _aकल्पनेचा खेळ
700 _aहरकारे अरुण
730 _aकल्पनेचा खेळ
942 _cBOOK
999 _c79963
_d79963